000 00587nam a22002417a 4500
003 UA-OsUOA
001 25329
007 ta
008 20040401b un ||||| |||| 00| 0 ukr d
090 _a159.9.018.2
_bО-90
942 _cBK
040 _aUA-OsUOA
_brus
_cUA-OsUOA
_dUA-OsUOA
245 _aОтечественный психоанализ
_cРед. В.М.Лейбина
300 _a448 с.
955 _a0
041 _arus
080 _a159.9.018.2
020 _a5-318-00210-2
260 _aСПб
_bПитер
_c2001
044 _aRU
650 7 _2UDC
999 _c311622
_d311622